| 000 | 02001nam a22002657a 4500 | ||
|---|---|---|---|
| 999 |
_c20881 _d20881 |
||
| 005 | 20200220082528.0 | ||
| 008 | 200220b xxu||||| |||| 00| 0 spa d | ||
| 040 |
_aCO-BoIAVH _cCO-BoIAVH |
||
| 041 | _aspa | ||
| 044 | _aec | ||
| 082 |
_a639.979 _bC73m |
||
| 100 | _a | ||
| 110 | _aComisión permanente del pacífico del sur | ||
| 111 |
_aTaller de trabajo sobre el impacto de las actividades antropogénicas en mamíferos marinos en el Pacífico sudeste, _cBogotá - Colombia _d28 al 29 de noviembre de 2006 |
||
| 245 |
_aMemorias del taller de trabajo sobre e impacto de las actividades antropogénicas en mamíferos marinos en el pacífico sudeste _bBogotá, Colombia, 28 al 29 de noviembre de 2006 _cComisión Permanente del Pacífico Sur-CPPS y Programa de las Naciones Unidas para el Medio Ambiente-PNUMA |
||
| 260 |
_aGuayaquil: _bCPPS., _bPNUMA, _c2007. |
||
| 300 |
_a98 Páginas, _bFotografías, gráficos y mapas a color, _c29.6 x 20.8 cm |
||
| 500 | _aEste documento ha sido preparado por la Oficina del Plan de Acción para la Protección del Medio Marino del Pacífico Sudeste-CPPS, de acuerdo con el memorando de Entendimiento CPPP/PNUMA FPL/3000-06-02-2220. Las designaciones empleadas y la presentación de la información en este documento no implican la expresión de juicio alguno de parte de la CPPS o del PNUMA sobre la condición jurídica de los Estados, territorios, ciudades o zonas, ni de sus autoridades, ni respecto de la delimitación de sus fronteras o límites geográficos. Los puntos de vista expresados en este documento son de los autores y no necesariamente son los puntos de vista de la CPPS o del PNUMA. | ||
| 504 | _aReferencias al final de cada capítulo. | ||
| 650 | 0 |
_aMamíferos marinos _zPacífico Sudeste |
|
| 650 | 0 | _aActividades antropogénicas | |
| 650 | 0 |
_aProtección de animales _zColombia |
|
| 710 | _aPrograma de las naciones unidas para el medio ambiente(PNUMA) | ||
| 942 |
_2ddc _cLIBRO |
||